01147nam a2200277 i 4500001000700000003000700007005001700014008004100031020001800072080002000090080001900110100002800129245012000157250001200277260005800289300005600347490002900403500003900432500001400471505020800485600002800693650004200721700002400763830002900787852005300816185471SpMaBN20250829063132.0160608s2000 sp bf |||| |bspa d a84-7651-862-5 a929 Cook, James a910.4(100)"17"1 aCook, James,d1728-177914aLos tres viajes alrededor del mundo b: diarios de 1768 a 1780 /cJames Cook ; presentación de Christopher Lloyd. a4ª ed. aPalma de Mallorca : bJosé J. de Olañeta, c2000. a418, [32] p. de lám., [12] p. de mapas ; c21 cm.1 aTerra incógnita ; v12 aGlosario de términos náuticos. aÍndice.8 aContiene: ; tPrimer viaje: diarios de 1768 a 1771 ; tSegundo viaje: diarios de 1772 a 1775 / r[traducidos por Mateu Grimalt]. -- tTercer viaje: diarios de 1776 a 1780 / r[traducidos por Jaume Pomar]14aCook, James,d1728-1779 7aViajes alrededor del mundo-yS.XVIII.1 aLloyd, Christopher.0 aTerra incógnita ; v12 aES-MaACLjL-30360 z. - Donat. Miguel A. Velasco